Scrap committee report (Record no. 497402)

000 -LEADER
fixed length control field 00373cam a22001097a 4500
008 - FIXED-LENGTH DATA ELEMENTS--GENERAL INFORMATION
fixed length control field 180718b1962 xxu||||| |||| 00| 0 eng d
082 ## - DEWEY DECIMAL CLASSIFICATION NUMBER
Classification number T2161x54 In2sc
245 ## - TITLE STATEMENT
Title Scrap committee report
Statement of responsibility, etc. by Ministry of Steel and Heavy Industries, India
260 ## - PUBLICATION, DISTRIBUTION, ETC.
Place of publication, distribution, etc. New Delhi
Name of publisher, distributor, etc. Department of Iron and Steel
Date of publication, distribution, etc. 1962
300 ## - PHYSICAL DESCRIPTION
Extent 34p.
700 ## - ADDED ENTRY--PERSONAL NAME
Personal name India.Ministry of Steel and Heavy Industries
Holdings
Withdrawn status Lost status Damaged status Not for loan Permanent Location Current Location Date acquired Full call number Barcode Date last seen Price effective from Koha item type
        Indian Institute of Public Administration Indian Institute of Public Administration 2018-08-04 T2161x54 In2sc G4273 2018-08-04 2018-08-04 G

Powered by Koha